书目信息 |
| 题名: |
刑法思维与案例讲习
|
|
| 作者: | 陈璇 著 ;李昊 , 江溯 主编 | |
| 分册: | ||
| 出版信息: | 北京 北京大学出版社 2023.04 |
|
| 页数: | 420页 | |
| 开本: | 23cm | |
| 丛书名: | ||
| 单 册: | ||
| 中图分类: | ||
| 科图分类: | ||
| 主题词: | 刑法--案例--中国--教材 , 法律--中国 | |
| 电子资源: | ||
| ISBN: | 978-7-301-33651-9 | |
| 000 | 01963nam0 2200313 450 | |
| 001 | 2355226879 | |
| 005 | 20120618213544.77 | |
| 010 | @a978-7-301-33651-9@dCNY89.00 | |
| 100 | @a20230427d2023 em y0chiy50 ea | |
| 101 | 0 | @achi |
| 102 | @aCN@b110000 | |
| 105 | @ay a 001yy | |
| 106 | @ar | |
| 200 | 1 | @a刑法思维与案例讲习@f陈璇著 |
| 210 | @a北京@c北京大学出版社@d2023.04 | |
| 215 | @a420页@d23cm | |
| 314 | @a书内题: 李昊, 江溯主编 | |
| 314 | @a陈璇, 现为中国人民大学法学院教授, 博士生导师, 中国人民大学刑法教研室主任。 | |
| 320 | @a有书目 (第411-418页) 和索引 | |
| 330 | @a本书是一部借鉴德国鉴定式案例分析方法为我国刑法案例教学提供新范式的新型教学用书。作者自2013年起在中国人民大学法学院开设“刑法案例分析”课程, 在保留传统案例教学方法的优长的同时, 努力吸收鉴定式案例分析方法的精髓, 经过8年的积累和完善, 逐步将其打造成法学院的一门精品特色课程, 广受学生好评。本书即是在该课程授课内容基础上充实、增补而成的。为满足刑法案例分析关于考察的全面性和思维的经济性的要求, 本书设计了“五步骤分析模式”, 分析每个案例均按照“事实单元的划分”“参与人员的列出”“涉嫌犯罪的检验”“犯罪竞合的处理”以及“全案分析的结论”五个步骤展开。全书共分8章。第1章概述了刑法鉴定式案例分析方法的基本内容 ; 此后的7章以7个案例为素材, 每章均设置“案情叙述”“思路提要”“具体分析”“难点拓展/重点复习”四个板块, 引导学生按照“五步骤分析模式”循序渐进地展开研习。该书一方面能够训练学生全面、有序分析复杂刑事案例的思维, 提高其充分论证说理的能力, 另一方面也对刑法总论和分论中的重要知识点进行纵深拓展, 既夯实学生的知识基础, 又适当扩展其理论视野, 是扬弃传统案例教学模式、推进中国鉴定式案例分析方法、提升刑法案例教学效果的有益尝试, 为帮助学生练就应对一切法律问题所不可或缺的一套基本功、一种底层思维方法提供了基本参照。 | |
| 606 | 0 | @a刑法@x案例@y中国@j教材 |
| 606 | 0 | @a法律@x中国 |
| 690 | @a@v5 | |
| 690 | @aD924.05@v4 | |
| 701 | 0 | @a陈璇@4著 |
| 702 | 0 | @a李昊@4主编 |
| 702 | 0 | @a江溯@4主编 |
| 801 | 0 | @aCN@b安徽时代出版发行有限公司@c20230427 |
| 905 | @dD924.05@e1001 | |
| 刑法思维与案例讲习/陈璇著.-北京:北京大学出版社,2023.04 |
| 420页;23cm |
| ISBN 978-7-301-33651-9:CNY89.00 |
| 本书是一部借鉴德国鉴定式案例分析方法为我国刑法案例教学提供新范式的新型教学用书。作者自2013年起在中国人民大学法学院开设“刑法案例分析”课程, 在保留传统案例教学方法的优长的同时, 努力吸收鉴定式案例分析方法的精髓, 经过8年的积累和完善, 逐步将其打造成法学院的一门精品特色课程, 广受学生好评。本书即是在该课程授课内容基础上充实、增补而成的。为满足刑法案例分析关于考察的全面性和思维的经济性的要求, 本书设计了“五步骤分析模式”, 分析每个案例均按照“事实单元的划分”“参与人员的列出”“涉嫌犯罪的检验”“犯罪竞合的处理”以及“全案分析的结论”五个步骤展开。全书共分8章。第1章概述了刑法鉴定式案例分析方法的基本内容 ; 此后的7章以7个案例为素材, 每章均设置“案情叙述”“思路提要”“具体分析”“难点拓展/重点复习”四个板块, 引导学生按照“五步骤分析模式”循序渐进地展开研习。该书一方面能够训练学生全面、有序分析复杂刑事案例的思维, 提高其充分论证说理的能力, 另一方面也对刑法总论和分论中的重要知识点进行纵深拓展, 既夯实学生的知识基础, 又适当扩展其理论视野, 是扬弃传统案例教学模式、推进中国鉴定式案例分析方法、提升刑法案例教学效果的有益尝试, 为帮助学生练就应对一切法律问题所不可或缺的一套基本功、一种底层思维方法提供了基本参照。 |
| ● |
| 相关链接 |
|
|
|
|
正题名:刑法思维与案例讲习
索取号:D924.05/1001
 
预约/预借
| 序号 | 登录号 | 条形码 | 馆藏地/架位号 | 状态 | 备注 |
| 1 | 1411617 | 214116179 | 第一样本阅览室/ [索取号:D924.05/1001] | 在馆 | |
| 2 | 1411618 | 214116188 | 第一借阅区/ [索取号:D924.05/1001] | 在馆 | |
| 3 | 1411619 | 214116197 | 第一借阅区/ [索取号:D924.05/1001] | 在馆 | |
| 4 | 1411620 | 214116204 | 第一借阅区/ [索取号:D924.05/1001] | 在馆 | |
| 5 | 1411621 | 214116213 | 第一借阅区/ [索取号:D924.05/1001] | 在馆 |